| 000 | 00740nam a22002297a 4500 | ||
|---|---|---|---|
| 005 | 20170124110010.0 | ||
| 010 | _aB-167999 | ||
| 020 |
_c425.00 _a9788175344598 |
||
| 035 | _aB-167999 | ||
| 037 | _bCen Lib/Ret | ||
| 040 |
_aDPL _bEN |
||
| 082 |
_a346.0486 _bARO |
||
| 100 |
_aArora, Manish _9137769 |
||
| 245 |
_aGuide to new patents law / _cby Manish Arora |
||
| 250 | _a3rd ed | ||
| 260 |
_aDelhi _bUnivershal Law Publishing _c2005 |
||
| 270 |
_aC-FF1A, Ansal's Dilkhush Industrial Estate, G.T. Karnal Road _bDelhi _e110033 |
||
| 300 |
_a527p. : _c23cm(pbk) _bill. |
||
| 650 |
_aPatent laws and legislation -- India. _986445 |
||
| 650 |
_aPatent laws and legislation _9137770 |
||
| 942 |
_2ddc _cEN _h346.0486 _mARO |
||
| 999 |
_c126485 _d126485 |
||